Statistiche per Riconosci la Squadra di calcio - Quiz n°70

Clicka qui per fare il quiz!

Statistiche generali

  • Questo quiz è stato fatto 4 volte
  • Il punteggio medio è 5 su 10

Statistiche sulle risposte

IndizioRisposta% Corretto
Titoli nazionali2 Third Division
100%
Colori socialiGiallo, rosso, nero
100%
Trofei nazionali0
50%
SimboliAlce
50%
ConfederazioneUEFA
50%
Trofei internazionali0
25%
Fondazione1881
25%
Capienza Stadio20 887 posti
25%
Divisione nazionale 2023-2024Seconda
25%
SquadraWatford
0%

Distribuzione punteggi

Percentile per numero di risposta

Percentuale di utenti per punteggio

I tuoi punteggi nel tempo

Non hai fatto questo quiz